00572nam a2200157Ia 4500008004100000082001100041100002700052245008600079250000600165260000900171300000800180600002700188630008600215700002700301730008600328090124s9999 xx 000 0 und d b126914 aकदम अनंत a माय बाप आणि ...... ( व्यक्तिचित्रे ) a1 c1995 a108 aकदम अनंत a माय बाप आणि ...... ( व्यक्तिचित्रे ) aकदम अनंत a माय बाप आणि ...... ( व्यक्तिचित्रे )